| 000 | 00899cam a22002775a 4500 | ||
|---|---|---|---|
| 001 | 4450935 | ||
| 005 | 20151208160948.0 | ||
| 008 | 950329s1998 enka frb f001 0 eng d | ||
| 020 | _a0521646286 | ||
| 020 | _a9780521646284 | ||
| 040 |
_aDLC _cDLC _dEG-ScBUE _beng |
||
| 082 | 0 | 4 |
_a336 _222 _bBRE |
| 100 | 1 |
_aBreton, Albert. _938879 |
|
| 245 | 1 | 0 |
_aCompetitive governments : _ban economic theory of politics and public finance / _cAlbert Breton. |
| 250 | _a1st paperback ed. | ||
| 260 |
_aCambridge ; _aNew York : _bCambridge University Press, _c1998. |
||
| 300 |
_axiv, 385 p. : _bill. ; _c24 cm. |
||
| 500 | _aInclude indexes. | ||
| 504 | _aBibliography : p. 337-361. | ||
| 650 | 7 |
_aFinance, Public. _2BUEsh _97389 |
|
| 650 | 0 |
_aPublic goods. _2BUEsh |
|
| 650 | 0 |
_aGovernment competition. _2BUEsh |
|
| 651 | _2BUEsh | ||
| 653 |
_bBUSBOL _cSeptember2015 _cDecember2015 |
||
| 942 |
_2ddc _k336 BRE |
||
| 999 |
_c20837 _d20809 |
||